[Event "Anapa"]
[Site "Anapa"]
[Date "2009.09.04"]
[Round "7"]
[White "Kostromin, Mikhail"]
[Black "Voronin, Artem"]
[Result "0-1"]
[WhiteElo "2369"]
[BlackElo "2134"]
[PlyCount "130"]
[EventDate "2009.08.30"]
[EventType "tourn"]
[EventRounds "13"]
[EventCountry "RUS"]
[EventCategory "3"]
[SourceTitle "CBM 132 Extra"]
[Source "ChessBase"]
[SourceDate "2009.11.03"]
[SourceVersion "1"]
[SourceVersionDate "2009.11.03"]
[SourceQuality "1"]

1. e4 e5 2. Nf3 Nc6 3. Nc3 Nf6 4. d4 exd4 5. Nxd4 Bb4 6. Nxc6 bxc6 7. Bd3 d5 8. exd5 cxd5 9. 0-0 0-0 10. a3 Bd6 11. Nb5 Bg4 12. Qd2 Be7 13. Nd4 Qd6 14. h3 Bd7 15. Nf5 Bxf5 16. Bxf5 c5 17. Qf4 Qb6 18. b3 Rfe8 19. Be3 Bd6 20. Qf3 Be5 21. Rab1 Rad8 22. Bd2 Ne4 23. Bxe4 dxe4 24. Qe2 f5 25. Bg5 Rd7 26. Rfd1 Qc6 27. Qc4+ Kh8 28. Be3 f4 29. Bxc5 f3 30. Rxd7 Qxd7 31. Be3 Qf5 32. g4 Qg6 33. Qb5 h5 34. Qd7 Re6 35. Qd8+ Kh7 36. Qh4 Bf6 37. Qxh5+ Qxh5 38. gxh5 Re5 39. c4 Rxh5 40. Bf4 Rxh3 41. c5 g5 42. c6 Kg6 43. c7 Rh8 44. Bg3 Kf5 45. Rc1 Rc8 46. Rc5+ Kg4 47. Rc4 Kf5 48. Rb4 Bd8 49. Rb8 Rxc7 50. Bxc7 Bxc7 51. Rf8+ Kg4 52. Re8 Kf4 53. Rf8+ Ke5 54. Rg8 Kf5 55. Rf8+ Ke6 56. Ra8 Bb6 57. Rg8 e3 58. fxe3 Bxe3+ 59. Kh2 Bf4+ 60. Kh3 Kf5 61. Rf8+ Ke4 62. b4 Kd3 63. b5 Ke2 64. Re8+ Kf1 65. Rd8 f2 0-1

[Event "Anapa"]
[Site "Anapa"]
[Date "2009.09.03"]
[Round "6"]
[White "Glidzhain, Gor Mikhailovich"]
[Black "Kostromin, Mikhail"]
[Result "1/2-1/2"]
[WhiteElo "2285"]
[BlackElo "2369"]
[PlyCount "65"]
[EventDate "2009.08.30"]
[EventType "tourn"]
[EventRounds "13"]
[EventCountry "RUS"]
[EventCategory "3"]
[SourceTitle "CBM 132 Extra"]
[Source "ChessBase"]
[SourceDate "2009.11.03"]
[SourceVersion "1"]
[SourceVersionDate "2009.11.03"]
[SourceQuality "1"]

1. d4 Nf6 2. Bg5 e6 3. e4 h6 4. Bxf6 Qxf6 5. Nc3 d6 6. Qd2 g5 7. 0-0-0 Bg7 8. f3 a6 9. Nge2 Nc6 10. h4 gxh4 11. f4 Bd7 12. e5 dxe5 13. fxe5 Qe7 14. Nf4 h5 15. Qf2 0-0-0 16. Be2 Be8 17. Kb1 f6 18. Nxe6 Qxe6 19. d5 Qxe5 20. dxc6 Bxc6 21. Qa7 Rd6 22. Rhe1 Re8 23. Bd3 Qxe1 24. Bf5+ Qe6 25. Rxd6 cxd6 26. Bxe6+ Rxe6 27. Qf2 Bxg2 28. Qxh4 f5 29. a3 Bxc3 30. Qc4+ Kd7 31. Qxc3 Be4 32. Qg7+ Re7 33. Qh6 1/2-1/2

[Event "Mukachevo Spring"]
[Site "Mukachevo"]
[Date "2009.02.28"]
[Round "9"]
[White "Fediv, Alexandr"]
[Black "Kostromin, Mikhail"]
[Result "0-1"]
[WhiteElo "2079"]
[BlackElo "2378"]
[PlyCount "58"]
[EventDate "2009.02.23"]
[EventType "tourn"]
[EventRounds "11"]
[EventCountry "UKR"]
[SourceTitle "CBM 128 Extra"]
[Source "ChessBase"]
[SourceDate "2009.03.05"]
[SourceVersion "2"]
[SourceVersionDate "2009.03.25"]
[SourceQuality "1"]

1. e4 c5 2. Nf3 d6 3. d4 cxd4 4. Nxd4 Nf6 5. Nc3 a6 6. Bg5 e6 7. f4 Be7 8. Qf3 h6 9. Bxf6 Bxf6 10. 0-0-0 Qc7 11. f5 Nc6 12. Nb3 Ne5 13. Qh3 0-0 14. g4 b5 15. a3 Rb8 16. Qg2 Nc4 17. Rd3 a5 18. h4 Nxb2 19. Kxb2 b4 20. axb4 axb4 21. g5 Bxc3+ 22. Kc1 h5 23. f6 g6 24. Be2 Ba6 25. Rxc3 bxc3 26. Bxa6 Qa7 27. Bf1 Qe3+ 28. Kd1 Rxb3 29. cxb3 Ra8 0-1